00839nam a2200229Ia 4500003000400000005001700004006001800021007000300039008004100042024001000083037001100093040001800104041001300122100002700135110009600162245018000258260000900438300001800447650002100465700002700486700009600513OSt20220930072452.0a|||||r|||| 00| 0ta220926b |||||||| |||| 00| 0 eng d a24468 cTheses aCRLcCRLbeng 2engaeng aSaxena nee Gupta Pikee aUniversity of Delhi. Faculty of Medical Sciences. Department of Obstetrics and Gynaecology 0aAssociation of serum copper and magnesium levels with gynaecological malignancies and its use as diagnostic and prognostic tool in the management of genital tract malignancies c1997 a60p.ap.ccm. aWOMEN - DISEASES a Dr S Yadav Supervisor aUniversity of Delhi. Faculty of Medical Sciences. Department of Obstetrics and Gynaecology